History Quiz

Random History or Famous Quiz
Score 0/16 Timer 07:00
0 Plays Today
Quote Person % Correct
It is impossible to predict the time and progress of revolution. It is governed by its own more or less mysterious laws. ???
71.8%
Who controls the past controls the future. Who controls the present controls the past.???
54.9%
The distinction between the past, present and future is only a stubbornly persistent illusion.???
42.7%
People that are really very weird can get into sensitive positions and have a tremendous impact on history.???
41.1%
History, in general, only informs us what bad government is.???
39.7%
History is filled with the sound of silken slippers going downstairs and wooden shoes coming up.???
37.4%
History will be kind to me for I intend to write it.???
34.8%
The very ink with which history is written is merely fluid prejudice. ???
34%
Quote Person % Correct
History only exists, in the final analysis, for God.???
33%
The past is prophetic in that it asserts loudly that wars are poor chisels for carving out peaceful tomorrows.???
33%
As soon as histories are properly told there is no more need of romances. ???
31.2%
Man is a history-making creature who can neither repeat his past nor leave it behind.???
29.4%
We see past time in a telescope and present time in a microscope. Hence the apparent enormities of the present.???
25.1%
Very few things happen at the right time, and the rest do not happen at all: the conscientious historian will correct these defects.???
24.5%
Neither a wise man nor a brave man lies down on the tracks of history to wait for the train of the future to run over him.???
23%
The Past lies upon the Present like a giant's dead body. ???
21.6%
Remove Ads.
Support Sporcle.
Get the best of Sporcle when you Go Orange. This ad-free experience offers more features, more stats, and more fun while also helping to support Sporcle. Thank you for becoming a member.

You're not logged in!

Compare scores with friends on all Sporcle quizzes.
OR
Log In

Show Comments

Extras

Top Quizzes Today


Score Distribution

Your Account Isn't Verified!

In order to create a playlist on Sporcle, you need to verify the email address you used during registration. Go to your Sporcle Settings to finish the process.

Report this User

Report this user for behavior that violates our Community Guidelines.

Details: